[Event "European Youth Chess Championship B14"]
[Site "Prague, Top Hotel Prague"]
[Date "2012.08.21"]
[Round "5.34"]
[White "Sirosh, Ilja"]
[Black "Santos Ruiz, Miguel"]
[Result "1-0"]
[WhiteElo "1889"]
[BlackElo "2069"]
[PlyCount "81"]
[EventDate "2012.08.17"]

1. Nf3 e6 2. c4 b6 3. g3 Bb7 4. Bg2 Nf6 5. O-O Be7 6. Nc3 O-O 7. Re1 c5 8. e4
d6 9. d4 cxd4 10. Nxd4 Qc8 11. Be3 a6 12. Rc1 Nbd7 13. f4 Re8 14. g4 h6 15. h4
Nc5 16. Bf2 e5 17. Nf5 exf4 18. b4 Ncd7 19. g5 hxg5 20. hxg5 Nh7 21. Nxe7+ Rxe7
22. Qxd6 Re5 23. Nd5 Qd8 24. Nxf4 Nxg5 25. Rcd1 Qf6 26. Qxd7 Qxf4 27. Qxb7 Rae8
28. Qd7 Nf3+ 29. Bxf3 Qxf3 30. Re3 Rg5+ 31. Kf1 Qg2+ 32. Ke2 Rxe4 33. Qd8+ Kh7
34. Qd3 Qg4+ 35. Kd2 f5 36. Rh1+ Kg6 37. Rg1 Qf4 38. Rxg5+ Kxg5 39. Ke1 Rd4 40.
Rg3+ Kh5 41. Qxd4 1-0

[Event "European Youth Chess Championship B14"]
[Site "Prague, Top Hotel Prague"]
[Date "2012.08.21"]
[Round "5.35"]
[White "Haria, Ravi"]
[Black "Rajkovic, Mladen"]
[Result "1/2-1/2"]
[WhiteElo "2054"]
[BlackElo "1926"]
[PlyCount "167"]
[EventDate "2012.08.17"]

1. e4 c5 2. Nf3 g6 3. c3 d5 4. exd5 Qxd5 5. d4 cxd4 6. cxd4 Bg7 7. Nc3 Qd8 8.
Bc4 Nf6 9. O-O O-O 10. h3 Nbd7 11. Bg5 Nb6 12. Bb3 Bf5 13. Re1 Re8 14. g4 Bc8
15. Ne5 e6 16. Ne4 h6 17. Bxf6 Bxf6 18. Qf3 Kg7 19. Rac1 Nd7 20. Rxc8 Rxc8 21.
Nxd7 Bxd4 22. Ba4 Qa5 23. Qd1 e5 24. Nd6 b5 25. Bb3 Red8 26. Nxc8 Rxd7 27. Qb1
Qd2 28. Rf1 Qf4 29. Kg2 e4 30. Qc2 Be5 31. Rd1 Qh2+ 32. Kf1 Qxh3+ 33. Ke1 Qh1+
34. Ke2 Qf3+ 35. Kf1 Rc7 36. Qd2 Rxc8 37. Qe3 Qxg4 38. Qxa7 Qf3 39. Qe3 Qxe3
40. fxe3 f5 41. Rd5 Bxb2 42. Rxb5 Ba3 43. Rb7+ Kf6 44. Rb6+ Kg7 45. Rb7+ Kh8
46. Rb6 g5 47. Rxh6+ Kg7 48. Ra6 Bc1 49. Ra5 Kg6 50. Ra6+ Kh5 51. Ra5 Bxe3 52.
Rxf5 Bf4 53. Rf7 Rc5 54. Rd7 Kg4 55. Kg2 Re5 56. Rd5 Rxd5 57. Bxd5 Kf5 58. Kf2
Ke5 59. Bb3 Kd4 60. Ke2 g4 61. Be6 g3 62. Bh3 Kc3 63. Bg2 Kd4 64. Bh3 Ke5 65.
Bg2 Kf5 66. Bh3+ Ke5 67. Bg2 Kd4 68. Bh3 Kc3 69. Bg2 e3 70. Bf3 Kb4 71. Bg2 Ka3
72. Bd5 Kb2 73. a4 Kc3 74. a5 Kd4 75. Bg2 Kc5 76. Bf3 Kb5 77. Bg2 Kxa5 78. Bf3
Kb5 79. Bg2 Kc5 80. Bf3 Kd4 81. Bg2 Ke5 82. Bf3 Kf5 83. Bg2 Kg4 84. Kf1 1/2-1/2

[Event "European Youth Chess Championship B14"]
[Site "Prague, Top Hotel Prague"]
[Date "2012.08.21"]
[Round "5.36"]
[White "Goldobin, Aleksei"]
[Black "Miculka, David"]
[Result "0-1"]
[WhiteElo "2041"]
[BlackElo "1915"]
[PlyCount "84"]
[EventDate "2012.08.17"]

1. Nf3 f5 2. d3 d6 3. e4 e5 4. Nc3 Nc6 5. g3 Nf6 6. Bg2 fxe4 7. dxe4 Be7 8. Qd3
Be6 9. Ng5 Qd7 10. Nxe6 Qxe6 11. Nd5 Qd7 12. O-O Rb8 13. Bd2 O-O 14. b4 Nd8 15.
Qc4 Nxd5 16. exd5 Bf6 17. Rac1 Nf7 18. Qd3 g6 19. c4 Qe7 20. Rfe1 Rbe8 21. h4
Bg7 22. h5 Qf6 23. hxg6 hxg6 24. Be4 Nh6 25. f3 Nf5 26. g4 Nh4 27. Rf1 g5 28.
Rf2 Kf7 29. Kf1 Ng6 30. Ke2 Nf4+ 31. Bxf4 exf4 32. Kd1 Rh8 33. Qb3 Rh1+ 34. Kc2
Reh8 35. Rxh1 Rxh1 36. Rd2 Qa1 37. c5 Qc1+ 38. Kd3 Re1 39. Qc2 Re3+ 40. Kc4
Rc3+ 41. Kb5 a6+ 42. Ka5 Rxc2 0-1

[Event "European Youth Chess Championship B14"]
[Site "Prague, Top Hotel Prague"]
[Date "2012.08.21"]
[Round "5.37"]
[White "Afanaskin, Igor"]
[Black "Utnasanov, Adyan"]
[Result "0-1"]
[WhiteElo "2029"]
[BlackElo "1882"]
[PlyCount "76"]
[EventDate "2012.08.17"]

1. Nf3 d5 2. c4 c6 3. b3 Nf6 4. Bb2 Bf5 5. g3 e6 6. Bg2 Be7 7. O-O O-O 8. d3 h6
9. Nbd2 c5 10. Ne5 Nc6 11. Nxc6 bxc6 12. e4 Bh7 13. Qe2 Rc8 14. f4 Nd7 15. Nf3
Bf6 16. e5 Be7 17. Rad1 Nb6 18. Bc3 Na8 19. g4 Nc7 20. Bh3 Qd7 21. Be1 f5 22.
exf6 Bxf6 23. Bg3 Qe7 24. Kh1 Rfe8 25. Ne5 Bxe5 26. Qxe5 Na6 27. Qe2 Rcd8 28.
Qf2 Nb4 29. f5 exf5 30. Rfe1 Nxd3 31. Rxd3 Qxe1+ 32. Qxe1 Rxe1+ 33. Bxe1 fxg4
34. Bf1 Rf8 35. Be2 Bxd3 36. Bxd3 Rf3 37. cxd5 Rxd3 38. dxc6 Rd1 0-1

[Event "European Youth Chess Championship B14"]
[Site "Prague, Top Hotel Prague"]
[Date "2012.08.21"]
[Round "5.38"]
[White "Percivaldi, Martin"]
[Black "Balaji, Ananthanarayanan"]
[Result "1/2-1/2"]
[WhiteElo "2024"]
[BlackElo "1859"]
[PlyCount "90"]
[EventDate "2012.08.17"]

1. d4 d5 2. c4 e6 3. Nf3 c6 4. e3 f5 5. Be2 Nf6 6. O-O Bd6 7. b3 Qe7 8. Bb2 O-O
9. Qc1 Nbd7 10. Ba3 Ne4 11. Bxd6 Qxd6 12. Qb2 a5 13. c5 Qc7 14. Nbd2 Re8 15. a3
e5 16. b4 Nxd2 17. Qxd2 exd4 18. Nxd4 Nf6 19. Bf3 Bd7 20. Rfc1 Ne4 21. Qd3 f4
22. b5 fxe3 23. fxe3 Qe5 24. bxc6 Bxc6 25. Re1 Nxc5 26. Qc2 Ne4 27. Nxc6 bxc6
28. Bxe4 Qxe4 29. Rac1 Qxc2 30. Rxc2 Re6 31. Kf2 Rf8+ 32. Ke2 d4 33. Kd3 Rd8
34. e4 Kf7 35. Rc4 Rg6 36. g3 Rf6 37. Rxd4 Rb8 38. e5 Rf3+ 39. Kc4 Rxa3 40. e6+
Ke8 41. Rd7 Rb5 42. Rxg7 Ra4+ 43. Kc3 Rc5+ 44. Kd3 Rd5+ 45. Kc3 Rc5+ 1/2-1/2

[Event "European Youth Chess Championship B14"]
[Site "Prague, Top Hotel Prague"]
[Date "2012.08.21"]
[Round "5.39"]
[White "Havelka, Josef"]
[Black "Malhotra, Tarun"]
[Result "1-0"]
[WhiteElo "1856"]
[BlackElo "2005"]
[PlyCount "97"]
[EventDate "2012.08.17"]

1. e4 c5 2. Nf3 Nc6 3. b3 d6 4. Bb5 e5 5. c3 Bg4 6. d4 cxd4 7. Bxc6+ bxc6 8.
cxd4 Bxf3 9. gxf3 Nf6 10. Bb2 exd4 11. Qxd4 d5 12. Nc3 dxe4 13. Qc4 Rc8 14.
fxe4 Qd7 15. Rg1 h5 16. f3 Rh7 17. e5 Nd5 18. O-O-O g6 19. Rge1 Bh6+ 20. Kb1
Qf5+ 21. Ne4 Kf8 22. Ka1 Qe6 23. Nc5 Qf5 24. e6 fxe6 25. Nxe6+ Kg8 26. Nd4 Qf7
27. Nxc6 Bg7 28. Rxd5 Bxb2+ 29. Kxb2 Qf6+ 30. Rde5+ Kg7 31. Qd4 Rxc6 32. Qxa7+
Kh6 33. Qe3+ g5 34. Kb1 h4 35. Re6 Rxe6 36. Qxe6 Qxe6 37. Rxe6+ Kh5 38. a4 Rf7
39. Re3 h3 40. a5 g4 41. fxg4+ Kxg4 42. a6 Rf1+ 43. Kb2 Rf2+ 44. Kc3 Rf6 45. a7
Rc6+ 46. Kb4 Ra6 47. Re7 Kf3 48. Rg7 Rb6+ 49. Ka5 1-0

[Event "European Youth Chess Championship B14"]
[Site "Prague, Top Hotel Prague"]
[Date "2012.08.21"]
[Round "5.41"]
[White "Kovalev, Egor"]
[Black "Zeman, Radek"]
[Result "1-0"]
[WhiteElo "1992"]
[BlackElo "1794"]
[PlyCount "113"]
[EventDate "2012.08.17"]

1. e4 c5 2. Nf3 Nc6 3. d4 cxd4 4. Nxd4 g6 5. Nc3 Bg7 6. Be3 Nf6 7. Nb3 O-O 8.
f3 a6 9. Qd2 d6 10. O-O-O b5 11. Bh6 Qc7 12. h4 Be6 13. h5 Rfc8 14. Bxg7 Kxg7
15. hxg6 fxg6 16. Kb1 Ne5 17. f4 Neg4 18. Nd4 Bf7 19. Re1 b4 20. Na4 Qb7 21.
Bd3 Bc4 22. e5 dxe5 23. fxe5 Nd5 24. Nc5 Nc3+ 25. Qxc3 Rxc5 26. Ne6+ Bxe6 27.
Qxc5 Rc8 28. Qd4 Qd5 29. Qxd5 Bxd5 30. Rhf1 Bxg2 31. Rf4 h5 32. Rxb4 a5 33. Rf4
Kh6 34. b3 Rc5 35. e6 Re5 36. Rxe5 Nxe5 37. Be2 Kg5 38. Rf7 Bd5 39. Rxe7 Kf6
40. Rh7 Bxe6 41. c4 Bg8 42. Ra7 h4 43. Rxa5 h3 44. Bf1 h2 45. Bg2 Ng4 46. Ra8
Kg7 47. Re8 Nf2 48. c5 Bf7 49. Re1 Nd3 50. Rh1 Nxc5 51. Rxh2 Nd3 52. Bf1 Nf4
53. Kb2 g5 54. a4 g4 55. Rf2 Nd5 56. Bc4 g3 57. Rxf7+ 1-0

[Event "European Youth Chess Championship B14"]
[Site "Prague, Top Hotel Prague"]
[Date "2012.08.21"]
[Round "5.42"]
[White "Abramciuc, Marius"]
[Black "Simo, Marian"]
[Result "1-0"]
[WhiteElo "1990"]
[BlackElo "1760"]
[PlyCount "71"]
[EventDate "2012.08.17"]

1. e4 c6 2. d4 d5 3. e5 Bf5 4. Nf3 e6 5. Be2 c5 6. c3 Nc6 7. O-O Nge7 8. a3 Ng6
9. b4 c4 10. Ne1 Be7 11. g3 f6 12. f4 Qb6 13. a4 a5 14. b5 fxe5 15. Kh1 exd4
16. bxc6 Bxb1 17. cxb7 Qxb7 18. cxd4 Be4+ 19. Bf3 Bxf3+ 20. Nxf3 O-O 21. Qe2
Ra6 22. Ba3 Bxa3 23. Rxa3 Qb4 24. Re3 Qxa4 25. Ng5 Rf6 26. Nxe6 Qc6 27. Nc5 Ra8
28. f5 Nf8 29. g4 g6 30. Re7 a4 31. Qe3 Rf7 32. Rxf7 Kxf7 33. fxg6+ Kxg6 34.
Qe7 Rc8 35. Qf7+ Kh6 36. Rb1 1-0

[Event "European Youth Chess Championship B14"]
[Site "Prague, Top Hotel Prague"]
[Date "2012.08.21"]
[Round "5.43"]
[White "Schweighoffer, Martin"]
[Black "Maslov, Ivan"]
[Result "0-1"]
[WhiteElo "1756"]
[BlackElo "1975"]
[PlyCount "62"]
[EventDate "2012.08.17"]

1. e4 Nf6 2. e5 Nd5 3. d4 d6 4. c4 Nb6 5. exd6 cxd6 6. Nc3 g6 7. Nf3 Bg7 8. Be3
O-O 9. Be2 Nc6 10. O-O Bg4 11. b3 d5 12. c5 Nc8 13. b4 e6 14. b5 Na5 15. Nd2
Bxe2 16. Qxe2 b6 17. Qd3 bxc5 18. dxc5 d4 19. Bxd4 Qxd4 20. Qxd4 Bxd4 21. Rac1
Bxc5 22. Nce4 Bb6 23. Nf3 Ne7 24. Rfd1 Rfd8 25. Nf6+ Kg7 26. Nd7 Nd5 27. Nde5
Nf4 28. Rxd8 Rxd8 29. Kf1 Nd3 30. Nxd3 Rxd3 31. Ne5 Rd2 0-1

[Event "European Youth Chess Championship B14"]
[Site "Prague, Top Hotel Prague"]
[Date "2012.08.21"]
[Round "5.44"]
[White "Striechman, Orri"]
[Black "Cach, Jakub"]
[Result "1-0"]
[WhiteElo "1969"]
[BlackElo "1596"]
[PlyCount "105"]
[EventDate "2012.08.17"]

1. e4 e5 2. Nf3 Nc6 3. Bb5 Bc5 4. c3 Nf6 5. d4 exd4 6. e5 Nd5 7. O-O Be7 8.
cxd4 d6 9. Nc3 Be6 10. Re1 O-O 11. exd6 Bxd6 12. Ng5 Nxc3 13. bxc3 Bd7 14. Qh5
Bf5 15. Qf3 Qf6 16. Ne4 Bxe4 17. Qxf6 gxf6 18. Rxe4 Ne7 19. Bh6 Rfd8 20. Rg4+
Ng6 21. Bd3 Bf8 22. Be3 Bd6 23. h4 h5 24. Rxg6+ fxg6 25. Bxg6 Kg7 26. Bxh5 Rh8
27. Bf3 Rab8 28. g3 b6 29. Kg2 Rbe8 30. Bc6 Re7 31. Kf3 Kg6 32. Be4+ f5 33. Bc2
Ree8 34. Rh1 Be7 35. Bf4 c6 36. Be5 Bf6 37. h5+ Kg7 38. Kf4 Bxe5+ 39. dxe5 Rd8
40. Kg5 Rd2 41. h6+ Kf7 42. Bxf5 Rxf2 43. Rd1 Rxa2 44. Rd7+ Ke8 45. Rc7 Rg8+
46. Rg7 Rxg7+ 47. hxg7 Kf7 48. g8=Q+ Kxg8 49. Be6+ Kf8 50. Bxa2 a5 51. Kf6 b5
52. e6 b4 53. cxb4 1-0

[Event "European Youth Chess Championship B14"]
[Site "Prague, Top Hotel Prague"]
[Date "2012.08.21"]
[Round "5.45"]
[White "Martins, Guilherme Pires Tava"]
[Black "O`Donnell, Conor"]
[Result "1-0"]
[WhiteElo "1761"]
[BlackElo "1955"]
[PlyCount "199"]
[EventDate "2012.08.17"]

1. e4 c6 2. d4 d5 3. exd5 cxd5 4. Bd3 Nc6 5. c3 Nf6 6. Bf4 g6 7. Nf3 Bg7 8. O-O
O-O 9. Nbd2 Nh5 10. Bg5 f6 11. Bh4 Nf4 12. Bc2 Qd6 13. Bg3 Be6 14. Re1 Bh6 15.
Nb3 Bf7 16. Nc5 b6 17. Nd3 Rfe8 18. Ba4 Rac8 19. a3 a6 20. Bxc6 Rxc6 21. Nb4
Rcc8 22. Nxa6 g5 23. Nb4 e5 24. dxe5 fxe5 25. Nd2 Bg7 26. c4 dxc4 27. Ne4 Qe7
28. Qd6 Qb7 29. Bxf4 gxf4 30. Nf6+ Bxf6 31. Qxf6 Re6 32. Qf5 Rce8 33. Rad1 Bg6
34. Qg4 Kf7 35. Nd5 Rd6 36. Nc3 Rd3 37. h3 Qc7 38. Nd5 Qd6 39. Nb4 Rd4 40. Qe2
Bd3 41. Qh5+ Bg6 42. Qe2 Kf6 43. Nc2 Bd3 44. Qd2 Rd5 45. Nb4 Rc5 46. Nxd3 Rd5
47. Qb4 cxd3 48. Qe4 Re7 49. Rd2 Rd4 50. Qa8 Rg7 51. f3 Rc4 52. Red1 Qc5+ 53.
Kh2 Rc2 54. Qd8+ Qe7 55. Qxd3 Rc6 56. Qd5 Re6 57. Rc1 Qb7 58. Qd8+ Qe7 59.
Qxe7+ Rgxe7 60. Kg1 h5 61. Rc8 Rg7 62. Rdd8 Kf5 63. Rf8+ Kg5 64. Rfe8 Rxe8 65.
Rxe8 Kf5 66. Rh8 Kg5 67. Rc8 Rg6 68. Kf2 Rd6 69. Ke2 Kf5 70. a4 Rg6 71. Kf2 Rd6
72. Rc2 Rd4 73. b3 Rb4 74. Rc3 Ke6 75. Rd3 e4 76. fxe4 Rxe4 77. Kf3 Ke5 78. g3
fxg3 79. Kxg3 Rb4 80. Kf3 Rh4 81. Ke2 Rb4 82. Kd2 Rf4 83. Kc3 Rf1 84. Kb4 Rf5
85. Rc3 Kd6 86. Rc4 Rf3 87. Rc3 Rf5 88. Ka3 Kd5 89. b4 Rf1 90. b5 Rf6 91. a5
bxa5 92. Ka4 Rf1 93. Kxa5 Kd4 94. Rg3 Rf6 95. Rg5 Rh6 96. b6 Rf6 97. Rxh5 Rf1
98. Ka6 Ra1+ 99. Ra5 Rb1 100. Ka7 1-0

[Event "European Youth Chess Championship B14"]
[Site "Prague, Top Hotel Prague"]
[Date "2012.08.21"]
[Round "5.46"]
[White "Pulpan, Jakub"]
[Black "Kiss, Balint"]
[Result "1-0"]
[WhiteElo "2087"]
[BlackElo "1840"]
[PlyCount "97"]
[EventDate "2012.08.17"]

1. e4 e5 2. Nf3 Nc6 3. Bb5 a6 4. Ba4 Nf6 5. O-O Be7 6. Re1 b5 7. Bb3 d6 8. c3
O-O 9. h3 Nb8 10. d4 Nbd7 11. Nbd2 Bb7 12. Bc2 Re8 13. Nf1 Bf8 14. Ng3 g6 15.
b3 Bg7 16. d5 Nb6 17. Be3 Rc8 18. Qe2 c6 19. c4 cxd5 20. cxd5 Nfd7 21. Rac1 Nc5
22. h4 Rc7 23. h5 Bc8 24. hxg6 fxg6 25. a4 bxa4 26. b4 Ncd7 27. Ng5 Qe7 28. Ne6
Rb7 29. Bd3 Nf6 30. Bxa6 Rb8 31. Rc7 Bd7 32. Rec1 Nc8 33. Ra7 Rxb4 34. Bb7 Bxe6
35. Bxc8 Bd7 36. Rc6 Rb8 37. Bxd7 Nxd7 38. Rcc7 Red8 39. Qg4 Nf6 40. Rxe7 Nxg4
41. Rxg7+ Kh8 42. Rxh7+ Kg8 43. Bh6 Rb1+ 44. Nf1 Nxh6 45. Rxh6 Rc8 46. Rxg6+
Kf8 47. Rxd6 a3 48. Rf6+ Kg8 49. Rc6 1-0

[Event "European Youth Chess Championship B14"]
[Site "Prague, Top Hotel Prague"]
[Date "2012.08.21"]
[Round "5.47"]
[White "Dvorak, Adam"]
[Black "Valkama, Eero"]
[Result "1-0"]
[WhiteElo "2008"]
[BlackElo "1827"]
[PlyCount "99"]
[EventDate "2012.08.17"]

1. d4 d5 2. c4 c6 3. Nc3 Nf6 4. Nf3 e6 5. Qc2 Nbd7 6. e3 Bd6 7. b3 O-O 8. Be2
b6 9. O-O Bb7 10. Rd1 Rc8 11. a4 Qe7 12. a5 c5 13. a6 Ba8 14. Nb5 Bb8 15. Bb2
Ne4 16. Rac1 dxc4 17. bxc4 Ng5 18. d5 exd5 19. cxd5 Ne4 20. d6 Qe8 21. Bc4 Bc6
22. Rd3 Nef6 23. Rd2 Ne4 24. Rd3 Nef6 25. Qc3 Qe4 26. Ne1 Qg6 27. f3 Rfe8 28.
Rd2 Ne5 29. Be2 Nd5 30. Rxd5 Bxd5 31. Rd1 Bc6 32. e4 Nd7 33. Bc4 Rcd8 34. Nc7
Bxc7 35. dxc7 Rc8 36. Rd6 Nf6 37. Rxc6 Qg5 38. e5 Nh5 39. e6 f5 40. e7+ Kh8 41.
Be6 Qxe7 42. Bxc8 Rxc8 43. Qe5 Qd7 44. Re6 Nf6 45. Re7 Qc6 46. Qxf5 Rf8 47.
Bxf6 Qxf6 48. Qxf6 gxf6 49. Rd7 Kg8 50. Rd8 1-0

[Event "European Youth Chess Championship B14"]
[Site "Prague, Top Hotel Prague"]
[Date "2012.08.21"]
[Round "5.48"]
[White "Bulgurlu, Okan"]
[Black "Kavon, Rastislav"]
[Result "1-0"]
[WhiteElo "1839"]
[BlackElo "1959"]
[PlyCount "57"]
[EventDate "2012.08.17"]

1. d4 Nf6 2. c4 e6 3. Nf3 b6 4. a3 Bb7 5. Nc3 d5 6. Bf4 Bd6 7. Bxd6 Qxd6 8.
cxd5 Nxd5 9. Nxd5 Bxd5 10. e3 O-O 11. Bd3 f5 12. O-O Nd7 13. Rc1 Rf6 14. Re1
Rh6 15. e4 fxe4 16. Bxe4 Nf6 17. Bxd5 exd5 18. Qc2 Rc8 19. Qa4 a5 20. Rc6 Qd8
21. Ree6 Ng4 22. h3 Rxe6 23. Rxe6 Nf6 24. Qc6 Qf8 25. Ne5 Ne4 26. f3 Nf6 27. g4
h6 28. Ng6 Qd8 29. Ne7+ 1-0

[Event "European Youth Chess Championship B14"]
[Site "Prague, Top Hotel Prague"]
[Date "2012.08.21"]
[Round "5.49"]
[White "Vangsgaard, Bjarke"]
[Black "Portela Peleteiro, Alberto"]
[Result "0-1"]
[WhiteElo "1780"]
[BlackElo "1953"]
[PlyCount "88"]
[EventDate "2012.08.17"]

1. d4 d6 2. Bf4 f5 3. Nf3 Nf6 4. e3 g6 5. Be2 Bg7 6. O-O O-O 7. h3 Qe8 8. c4 h6
9. Nc3 g5 10. Bh2 c6 11. b4 Qg6 12. c5 g4 13. Nh4 Qg5 14. Bg3 Nh5 15. Qd3 f4
16. Ne4 Qd5 17. Ng6 Rf7 18. Bxf4 Bf5 19. hxg4 Bxg6 20. gxh5 Bxe4 21. Qc3 Qe6
22. cxd6 exd6 23. f3 Bh7 24. Bc4 d5 25. Bb3 Qf5 26. g4 Qf6 27. a4 Kh8 28. b5
Nd7 29. bxc6 Qxc6 30. Qxc6 bxc6 31. Rac1 Rf6 32. g5 hxg5 33. Bxg5 Re6 34. Rc3
Rg8 35. Kf2 Bxd4 36. exd4 Rxg5 37. Rh1 Kg7 38. f4 Rf5 39. Rg3+ Kf8 40. Kf3 Re4
41. Rh4 Rxd4 42. Bc2 Rf7 43. Bxh7 Rxh7 44. Rg6 Ne5+ 0-1

[Event "European Youth Chess Championship B14"]
[Site "Prague, Top Hotel Prague"]
[Date "2012.08.21"]
[Round "5.50"]
[White "Zubkov, Vsevolod"]
[Black "Abbasov, Zaur"]
[Result "0-1"]
[WhiteElo "1928"]
[BlackElo "1839"]
[PlyCount "82"]
[EventDate "2012.08.17"]

1. e4 e6 2. d4 d5 3. Nd2 Nf6 4. e5 Nfd7 5. Bd3 c5 6. c3 Nc6 7. Ne2 cxd4 8. cxd4
f6 9. exf6 Nxf6 10. O-O Bd6 11. Nf3 Qc7 12. Bg5 O-O 13. Bh4 Nh5 14. Qc2 h6 15.
Bh7+ Kh8 16. Bg6 Rxf3 17. Bxh5 Rf8 18. Bg3 Bd7 19. Rac1 Be8 20. Bg4 Qe7 21. Qb3
b6 22. Rfe1 Bb4 23. Rf1 h5 24. Bh3 h4 25. Be5 Nxe5 26. dxe5 Bb5 27. Qd1 Qg5 28.
a3 Bc5 29. b4 Rxf2 30. Rxf2 Bxe2 31. Qe1 Bxf2+ 32. Kxf2 Bc4 33. Rc3 Qf4+ 34.
Kg1 Qd4+ 35. Kh1 Rf8 36. Rf3 Rxf3 37. gxf3 Qf4 38. Bg4 g5 39. Qc3 b5 40. Bxe6
d4 41. Qc2 Qxf3+ 0-1

[Event "European Youth Chess Championship B14"]
[Site "Prague, Top Hotel Prague"]
[Date "2012.08.21"]
[Round "5.51"]
[White "Kostka, Vit"]
[Black "Molnar, Erno"]
[Result "1-0"]
[WhiteElo "1820"]
[BlackElo "1919"]
[PlyCount "95"]
[EventDate "2012.08.17"]

1. e4 c5 2. Nf3 Nc6 3. d4 cxd4 4. Nxd4 Nf6 5. Nc3 e5 6. Ndb5 d6 7. Bg5 a6 8.
Na3 b5 9. Nd5 Be7 10. Bxf6 Bxf6 11. c3 Rb8 12. Nc2 Bg5 13. Bd3 O-O 14. h4 Bh6
15. a4 bxa4 16. Ncb4 Nxb4 17. Nxb4 Bd7 18. Bxa6 Qa5 19. Bd3 Kh8 20. Qe2 Rfc8
21. O-O Be6 22. Rfd1 Qd8 23. g3 Qd7 24. Ba6 Rf8 25. Bc4 Bg4 26. f3 Be6 27. Bxe6
fxe6 28. Kg2 Rf7 29. Qa6 d5 30. exd5 exd5 31. Rxd5 Qc7 32. Qd6 Qxd6 33. Rxd6
Rbf8 34. Rd3 e4 35. fxe4 Rf2+ 36. Kh3 Rxb2 37. Rxa4 Re2 38. Nd5 Bc1 39. Kg4 g6
40. Nf4 Rf2 41. Ne6 h5+ 42. Kh3 R8f7 43. Ra1 Rc2 44. Rd8+ Kh7 45. Raa8 g5 46.
hxg5 Rff2 47. Ra7+ Kg6 48. Rg7# 1-0

[Event "European Youth Chess Championship B14"]
[Site "Prague, Top Hotel Prague"]
[Date "2012.08.21"]
[Round "5.52"]
[White "Lopez Popov, Ivan"]
[Black "Lopatik, Nikita"]
[Result "0-1"]
[WhiteElo "1719"]
[BlackElo "1869"]
[PlyCount "70"]
[EventDate "2012.08.17"]

1. e4 c5 2. Nc3 Nc6 3. g3 g6 4. Bg2 Bg7 5. d3 d6 6. f4 e6 7. Nf3 Nge7 8. O-O
O-O 9. Be3 Rb8 10. d4 cxd4 11. Nxd4 Qb6 12. Na4 Qa5 13. Nc3 Rd8 14. Nce2 b5 15.
c3 Qc7 16. Rc1 a5 17. b3 f5 18. exf5 gxf5 19. c4 b4 20. Qc2 Nxd4 21. Nxd4 Bd7
22. Qf2 Rdc8 23. Nb5 Bxb5 24. cxb5 Qd7 25. b6 d5 26. Rxc8+ Nxc8 27. Bc5 Qc6 28.
Re1 Nxb6 29. Qe3 Nd7 30. Qxe6+ Qxe6 31. Rxe6 Nxc5 32. Rd6 d4 33. Rd5 Ne4 34.
Rxf5 Nc3 35. Rxa5 d3 0-1

[Event "European Youth Chess Championship B14"]
[Site "Prague, Top Hotel Prague"]
[Date "2012.08.21"]
[Round "5.55"]
[White "Cavadas, Francisco"]
[Black "Rydl, Jiri"]
[Result "0-1"]
[WhiteElo "1649"]
[BlackElo "2021"]
[PlyCount "48"]
[EventDate "2012.08.17"]

1. e4 e6 2. d4 d5 3. e5 c5 4. c3 Nc6 5. Nf3 Qb6 6. a3 Nh6 7. b4 cxd4 8. Bxh6
gxh6 9. cxd4 Rg8 10. Nc3 Bd7 11. Na4 Qd8 12. Nc5 Bxc5 13. bxc5 Rg4 14. Qd2 b6
15. cxb6 Qxb6 16. Rd1 Na5 17. Be2 Ba4 18. h3 Rxg2 19. Nh4 Bxd1 20. Nxg2 Bxe2
21. Kxe2 Nb3 22. Qxh6 Nxd4+ 23. Kf1 Qb5+ 24. Kg1 Nf3# 0-1

[Event "European Youth Chess Championship B14"]
[Site "Prague, Top Hotel Prague"]
[Date "2012.08.21"]
[Round "5.56"]
[White "Mamedov, Elmin"]
[Black "Hadzialic, Benjamin"]
[Result "1/2-1/2"]
[WhiteElo "2105"]
[BlackElo "1745"]
[PlyCount "113"]
[EventDate "2012.08.17"]

1. Nf3 Nf6 2. g3 d5 3. Bg2 e6 4. O-O Be7 5. d3 O-O 6. Nbd2 c5 7. c4 Nc6 8. a3
b6 9. Ne1 Bb7 10. Nc2 Qc7 11. f4 Rad8 12. Qe1 d4 13. Nf3 a5 14. b3 Ra8 15. Bd2
h6 16. h3 Nh7 17. Qf2 e5 18. Nxe5 Nxe5 19. Bxb7 Qxb7 20. fxe5 Qc7 21. Qf5 g6
22. Qe4 Bg5 23. Bf4 Qd7 24. h4 Bxf4 25. Qxf4 Rfe8 26. e3 dxe3 27. Nxe3 Re6 28.
Ng4 g5 29. Qe4 Rd8 30. Rf3 Qd4+ 31. Qxd4 Rxd4 32. Nf6+ Nxf6 33. exf6 gxh4 34.
gxh4 Rxh4 35. Raf1 Rg4+ 36. Kh2 Kh7 37. b4 axb4 38. axb4 cxb4 39. Rb1 Rg6 40.
Rxb4 Rgxf6 41. Rxf6 Rxf6 42. Kg3 Kg6 43. Rb5 Rd6 44. Kf4 Rxd3 45. Rxb6+ f6 46.
c5 Rc3 47. Rc6 Rc4+ 48. Kf3 Kf5 49. Rc8 Rc3+ 50. Kg2 Kf4 51. Rh8 Kg5 52. Rg8+
Kf5 53. Rc8 h5 54. c6 Kf4 55. c7 f5 56. Kh2 h4 57. Kg2 1/2-1/2

[Event "European Youth Chess Championship B14"]
[Site "Prague, Top Hotel Prague"]
[Date "2012.08.21"]
[Round "5.57"]
[White "Cesenek, Jan"]
[Black "Johannesson, Oliver"]
[Result "0-1"]
[WhiteElo "1736"]
[BlackElo "2047"]
[PlyCount "106"]
[EventDate "2012.08.17"]

1. e4 e6 2. d4 d5 3. exd5 exd5 4. Bd3 Bd6 5. Nf3 Ne7 6. h3 Nbc6 7. c3 Bf5 8.
Qc2 Bxd3 9. Qxd3 Qd7 10. Be3 O-O 11. O-O Rfe8 12. Re1 Ng6 13. Nbd2 Nd8 14. Nb3
b6 15. Rad1 Ne6 16. Ne5 Bxe5 17. dxe5 Nxe5 18. Qxd5 Qxd5 19. Rxd5 Nc4 20. Bc1
Nf8 21. Rxe8 Rxe8 22. Rd4 Re1+ 23. Kh2 b5 24. Bf4 Ne6 25. Rd7 Nb6 26. Rd2 h6
27. Bg3 Nc4 28. Rd7 Re2 29. Nd4 Rxb2 30. Bxc7 Rxa2 31. Nxb5 Rc2 32. Nxa7 Rxc3
33. Bg3 Rc2 34. Nb5 Rd2 35. Rxd2 Nxd2 36. Nc7 Nf1+ 37. Kg1 Nxg3 38. Nxe6 fxe6
39. fxg3 Kf7 40. Kf2 Kf6 41. Ke3 Ke5 42. g4 g5 43. g3 Kd5 44. h4 e5 45. Kd3 e4+
46. Ke3 Ke5 47. Ke2 Kd4 48. Kd2 e3+ 49. Ke2 Ke4 50. h5 Kd4 51. Ke1 Kd5 52. Kd1
Ke5 53. Ke1 Kd4 0-1

[Event "European Youth Chess Championship B14"]
[Site "Prague, Top Hotel Prague"]
[Date "2012.08.21"]
[Round "5.58"]
[White "Kratochvil, Vit 98"]
[Black "Svoboda, Filip"]
[Result "1-0"]
[WhiteElo "1962"]
[BlackElo "1706"]
[PlyCount "59"]
[EventDate "2012.08.17"]

1. e4 e6 2. d3 d5 3. Nd2 Nf6 4. Ngf3 b6 5. g3 dxe4 6. dxe4 Bb7 7. Bg2 Bc5 8.
Qe2 Nc6 9. c3 a5 10. O-O Qe7 11. e5 Nd7 12. Re1 Ba6 13. Qe4 Bb7 14. Qg4 O-O-O
15. a3 b5 16. Nb3 h6 17. c4 b4 18. axb4 Bxb4 19. Bd2 Nc5 20. Bxb4 Nxb4 21. Nxa5
h5 22. Qxg7 Ne4 23. Nxb7 Nc2 24. Rxe4 Nxa1 25. Nxd8 Rxd8 26. Re1 Nc2 27. Rc1
Nb4 28. Qg5 Qc5 29. Ra1 Kb7 30. Qxd8 1-0

[Event "European Youth Chess Championship B14"]
[Site "Prague, Top Hotel Prague"]
[Date "2012.08.21"]
[Round "5.61"]
[White "Lukic, Lazar"]
[Black "Guerra Arrocha, Daniel"]
[Result "0-1"]
[WhiteElo "1692"]
[BlackElo "1872"]
[PlyCount "78"]
[EventDate "2012.08.17"]

1. e4 e6 2. d4 d5 3. exd5 exd5 4. Nf3 Bd6 5. Bd3 Ne7 6. O-O O-O 7. c3 Bf5 8.
Qc2 Bxd3 9. Qxd3 Ng6 10. Bg5 Qc8 11. h3 h6 12. Be3 Nd7 13. Nbd2 Nf6 14. Rfe1
Re8 15. Re2 Nh5 16. Rae1 Rf8 17. Qc2 Nhf4 18. Bxf4 Nxf4 19. Re3 c5 20. Rc1 c4
21. Nf1 Nd3 22. Rb1 Re8 23. Ne1 Rxe3 24. Nxe3 Nf4 25. Nf3 Qe6 26. Qf5 Ne2+ 27.
Kf1 Qxe3 28. Qc2 Qd3 29. Qxd3 cxd3 30. g3 b5 31. Rd1 b4 32. Rxd3 Nc1 33. Rd1
Nxa2 34. Ra1 b3 35. Nd2 Rb8 36. Ke2 a5 37. c4 dxc4 38. Nxc4 Bc7 39. Kd3 Nb4+
0-1